书目信息 |
| 题名: |
常微分方程
|
|
| 作者: | 张伟年 , 杜正东 , 徐冰 编著 | |
| 分册: | ||
| 出版信息: | 北京 高等教育出版社 2014.08 |
|
| 页数: | 228页 | |
| 开本: | 23cm | |
| 丛书名: | 高等学校教材 | |
| 单 册: | ||
| 中图分类: | O175.1 | |
| 科图分类: | ||
| 主题词: | 常微分方程--高等学校--教材 | |
| 电子资源: | ||
| ISBN: | 978-7-04-040580-4 | |
| 000 | 01225nam0 2200313 450 | |
| 001 | 1717 | |
| 001 | 012003000001 | |
| 001 | 01CN10130817@CSLN | |
| 005 | 20161130163109.92 | |
| 010 | @a978-7-04-040580-4@dCNY24.80 | |
| 100 | @a20140826d2014 em y0chiy50 ea | |
| 101 | 0 | @achi |
| 102 | @aCN@b110000 | |
| 105 | @ay z 000yy | |
| 200 | 1 | @a常微分方程@9chang wei fen fang cheng@f张伟年,杜正东,徐冰编著 |
| 205 | @a2版 | |
| 210 | @a北京@c高等教育出版社@d2014.08 | |
| 215 | @a228页@d23cm | |
| 225 | 2 | @a高等学校教材@9gao deng xue xiao jiao cai |
| 330 | @a本书介绍常微分方程的基础知识,包括基本理论、方法和在工程实际的若干应用。全书共分六章28节,包括绪论、初等积分法、线性方程、常系数线性方程、一般理论和定性理论初步等内容,涉及常微分方程模型、矩阵指数函数方法、微分不等式与比较定理、微分方程数值解、动力系统概念、周期轨道与Poincar6映射、平面Hamilton系统等方面知识。 | |
| 333 | @a高等学校数学类专业学生 | |
| 461 | 0 | @12001 @a高等学校教材 |
| 606 | 0 | @a常微分方程@x高等学校@j教材 |
| 690 | @aO175.1@v4 | |
| 701 | 0 | @a张伟年@9zhang wei nian@4编著 |
| 701 | 0 | @a杜正东@9du zheng dong@4编著 |
| 701 | 0 | @a徐冰@9xu bing@4编著 |
| 801 | 0 | @aCN@b大连网信软件有限公司图书馆·11@c20161130 |
| 905 | @aZUCC@dO175.1@e136=2 | |
| 常微分方程/张伟年,杜正东,徐冰编著.-2版.-北京:高等教育出版社,2014.08 |
| 228页;23cm.-(高等学校教材) |
| 使用对象:高等学校数学类专业学生 |
| ISBN 978-7-04-040580-4:CNY24.80 |
| 本书介绍常微分方程的基础知识,包括基本理论、方法和在工程实际的若干应用。全书共分六章28节,包括绪论、初等积分法、线性方程、常系数线性方程、一般理论和定性理论初步等内容,涉及常微分方程模型、矩阵指数函数方法、微分不等式与比较定理、微分方程数值解、动力系统概念、周期轨道与Poincar6映射、平面Hamilton系统等方面知识。 |
| ● |
| 相关链接 |
|
|
|
|
正题名:常微分方程
索取号:O175.1/136=2
 
预约/预借
| 序号 | 登录号 | 条形码 | 馆藏地/架位号 | 状态 | 备注 |
| 1 | 907652 | 209076523 | 第二样本阅览室/ [索取号:O175.1/136=2] | 在馆 | |
| 2 | 907653 | 209076532 | 第三借阅区/ [索取号:O175.1/136=2] | 在馆 | |
| 3 | 907654 | 209076541 | 第三借阅区/ [索取号:O175.1/136=2] | 在馆 | |
| 4 | 907655 | 209076550 | 第三借阅区/ [索取号:O175.1/136=2] | 在馆 | |
| 5 | 907656 | 209076569 | 密集书库-数信学院/ [索取号:O175.1/136=2] | 在馆 |